000 00997cam a2200217 4500
001 1802
005 20181127164021.0
008 091119s2010 nyu b 000 0deng
010 _a 2009049176
020 _a9780307953469
043 _aa-bt---
100 1 _aNapoli, Lisa,
_d1963-
245 1 0 _aRadio Shangri-La :
_bwhat I learned in the happiest kingdom on earth /
_cLisa Napoli.
250 _a1st ed.
260 _aNew York :
_bCrown Publishers,
_cc2010.
300 _axx, 277 p. ;
_c25 cm.
504 _aIncludes bibliographical references (p. [273]-277).
505 0 _aThe thunderbolt, part one -- ""Welcome, Jane!"" -- Radio Shangri-La -- Beware the emadatse -- God of the night -- Bhutan on the border, or, the start-up country -- The symphony of love -- My best friends in the world right now -- The thunderbolt, part two -- Dawn of democracy -- America 101 : ""that's cool!"" -- Baby-watch.
600 1 0 _aNapoli, Lisa,
_d1963-
_xTravel
_zBhutan.
651 0 _aBhutan
_xDescription and travel.
999 _c1373
_d1373